| 000 | 00735nam a2200241Ia 4500 | ||
|---|---|---|---|
| 005 | 20260629163254.0 | ||
| 008 | 260629s9999||||xx |||||||||||||| ||und|| | ||
| 020 |
_a9781556436802 _qpbk |
||
| 082 |
_a303.482 _bWIL |
||
| 100 | _aWilson, Rob [ed.] | ||
| 245 | 4 | _aThe worlding project : doing cultural studies in the era of globalization | |
| 260 |
_aSanta Cruz, CA _bNew Pacific Press _c2007 |
||
| 300 | _axi, 243p. ; 21cm. | ||
| 653 | _aCultural studies | ||
| 653 | _aGlobalization | ||
| 653 | _aIntercultural communication | ||
| 653 | _aInternationalism | ||
| 653 | _aMass media and culture | ||
| 653 | _aPolitics and culture | ||
| 653 | _aSocial networks | ||
| 700 | _aConnery, Christopher Leigh [ed.] | ||
| 942 | _cBK | ||
| 999 |
_c57296 _d57296 |
||